000 00796nam a2200253Ia 4500
003 OSt
005 20220927105813.0
006 a|||||r|||| 00| 0
007 ta
008 220926b |||||||| |||| 00| 0 eng d
024 _a205662
037 _cReference Collections
040 _aRTL
_cRTL
_beng
041 _2eng
_aeng
082 _a"X93:8J.2, Q6/GD"
100 _a"INDIA, FINANCE(M/o-)"
_9375123
110 _a"INDIA, FINANCE(M/o-)"
_9375124
245 0 _aUnion Government Appropriation Accounts
_b (Civil) 2015-2016
260 _aNew
_b"Delhi, Govt. Press "
_c2016
490 _v01496309 : 2015-2016 (vii; 808p.)
700 _a"INDIA, FINANCE(M/o-)"
_9375123
942 _h"X93:8J.2, Q6/GD"
_cCC
999 _c694742
_d694742